Polscy Medaliści Igrzysk Olimpijskich Pekin 2008 - Statystyki

Ogólne statystyki
  • Ten quiz został rozwiązany 32 razy
  • Średni wynik to 8 z 21
Statystyki odpowiedzi
Wskazówka Odpowiedź % Poprawnych
Złoto Tomasz Majewski
96%
Srebro Piotr Małachowski
81%
Złoto Leszek Blanik
70%
Złoto Szymon Kołecki
67%
Złoto Adam Korol
63%
Złoto Marek Kolbowicz
48%
Złoto Konrad Wasielewski
44%
Srebro Maja Włoszczowska
41%
Złoto Michał Jeliński
41%
Brąz Marcin Dołęga
33%
Srebro Radosław Zawrotniak
30%
Brąz Agnieszka WIeszczek
26%
Srebro Beata Mikołajczyk
26%
Srebro Aneta Konieczna
22%
Srebro Tomasz Motyka
22%
Srebro Łukasz Pawłowski
19%
Srebro Paweł Rańda
19%
Srebro Bartłomiej Pawełczak
15%
Srebro Miłosz Bernatajtys
15%
Srebro Robert Andrzejuk
15%
Srebro Adam Wiercioch
11%
Nie znaleziono quizów pasujących do podanych kryteriów
Rozkład punktacji
Procent ludzi z każdym wynikiem
Percentyl według liczby udzielonych odpowiedzi
Twoja historia wyników
Nie rozwiązałeś tego quizu